عرض عادي
عرض مارك
- Bothwell Bridge, Battle of, Scotland, 1679
مدخل مصطلح موضوعي
001 - رقم الضبط
- حقل الضبط: 8520
003 - معرف رقم الضبط
- حقل الضبط: OSt
005 - تاريخ ووقت أخر عملية
- حقل الضبط: 20111215084611.0
008 - عناصر بيانات ثابتة الطول
- حقل تحكم ثابت الطول: 111215|||a|||||| | ||| d
040 ## - مصدر الفهرسة
- هيئة الفهرسة الأصلية: OSt
- وكالة الكتابة: OSt
150 ## - مدخل-- مصطلح تاريخي
- عنصر مدخل المصطلح الموضوعي او الاسم الجغرافي: Bothwell Bridge, Battle of, Scotland, 1679
- تفريع شكلي: Fiction.
670 ## - بيانات المصدر موجوده
- الاستشهاد بالمصدر: Work cat.: (OSt)0: Scott, Walter, Sir, 1771-1832. 8519, Old mortality /, [2009]
